[Event "Stuttgart-chB int"]
[Site "Ditzingen"]
[Date "2014.05.29"]
[Round "2"]
[White "Bausch, Jean"]
[Black "Debeljak, Ante"]
[Result "1-0"]
[WhiteElo "1791"]
[BlackElo "1637"]
[PlyCount "93"]
[EventDate "2014.05.29"]
[EventType "swiss"]
[EventRounds "7"]
[EventCountry "GER"]
[SourceTitle "EXT 2015"]
[Source "ChessBase"]
[SourceDate "2014.11.20"]
[SourceVersion "1"]
[SourceVersionDate "2014.11.20"]
[SourceQuality "1"]

1. d4 Nf6 2. c4 e6 3. Nc3 Be7 4. e4 d6 5. Nf3 0-0 6. Be2 b6 7. 0-0 Bb7 8. Qc2 Nbd7 9. Bd2 Ne8 10. Ne1 a6 11. Nd3 Ndf6 12. f3 Kh8 13. Rac1 Ng8 14. Be3 f5 15. Nf4 Bc8 16. exf5 exf5 17. Ncd5 Bg5 18. c5 dxc5 19. dxc5 Bxf4 20. Nxf4 b5 21. Rfd1 Qe7 22. Bf2 c6 23. Qd2 Nef6 24. Qd6 Qe8 25. Re1 Qf7 26. b3 Bd7 27. Nd3 Qd5 28. Qxd5 Nxd5 29. Ne5 Ngf6 30. Bh4 Rac8 31. Bg3 Kg8 32. f4 Be8 33. Bf3 Bf7 34. Rcd1 Rfd8 35. Nxf7 Kxf7 36. Rd2 Re8 37. Re5 g6 38. Rde2 Rxe5 39. fxe5 Ng8 40. e6+ Ke7 41. Bd6+ Ke8 42. Rd2 Ngf6 43. a3 g5 44. Re2 f4 45. Re5 h6 46. Rf5 Nh7 47. Bxd5 1-0